000 00452 a2200157 4500
003 OSt
005 20240823112114.0
008 231019b |||||||| |||| 00| 0 eng d
040 _coclc
082 _a297
_bMAN/M
100 _aManima, Abdulla
_99770
245 _aMALAKHAMARAYITTALLA, MANUSHYARAYITTU THANNE /
_cAbdulla Manima
260 _aCalicut:
_bIPB,
_c2018.
300 _a194 p
942 _2ddc
_cBK
_h297
_iMAN/M
_k297
_mMAN/M
999 _c42633
_d42633